|
|
|
|
| LEADER |
03168nam a2200769 i 4500 |
| 001 |
nkc20162864201 |
| 003 |
CZ PrNK |
| 005 |
20241113082420.0 |
| 007 |
ta |
| 008 |
170106s2016 xr acghf 000 0dita |
| 015 |
|
|
|a cnb002864201
|
| 020 |
|
|
|a 978-80-904656-1-9
|q (Mozartova obec v České republice ;
|q v knize neuvedeno ;
|q vázáno)
|z 978-80-904656-0-2
|
| 035 |
|
|
|a (OCoLC)972639624
|
| 040 |
|
|
|a ABA001
|b cze
|e rda
|
| 043 |
|
|
|a e-it---
|a e-xr---
|
| 045 |
|
|
|a v-v-
|
| 072 |
|
7 |
|a 782
|x Divadelní hudba. Opera, opereta, muzikál
|2 Konspekt
|9 9
|
| 080 |
|
|
|a 78.071.1
|2 MRF
|
| 080 |
|
|
|a 782
|2 MRF
|
| 080 |
|
|
|a 782.7
|2 MRF
|
| 080 |
|
|
|a 792.54
|2 MRF
|
| 080 |
|
|
|a 781.68
|2 MRF
|
| 080 |
|
|
|a (450)
|2 MRF
|
| 080 |
|
|
|a (437.3)
|2 MRF
|
| 080 |
|
|
|a (048.8:082)
|2 MRF
|
| 080 |
|
|
|a (0:82-293)
|2 MRF
|
| 245 |
0 |
0 |
|a Antonio Boroni e il suo dramma giocoso L'amore in musica /
|c a cura di Milada Jonášová
|
| 264 |
|
1 |
|a Praga :
|b Società Mozartiana della Republica Ceca ;
|a Český Krumlov :
|b Ensemble Hof-Musici,
|c 2016
|
| 300 |
|
|
|a 333 stran :
|b ilustrace (převážně barevné), portréty, noty, faksimile ;
|c 24 cm
|
| 336 |
|
|
|a text
|b txt
|2 rdacontent
|
| 337 |
|
|
|a bez média
|b n
|2 rdamedia
|
| 338 |
|
|
|a svazek
|b nc
|2 rdacarrier
|
| 490 |
1 |
|
|a L'opera italiana nei territori Boemi durante il settecento ;
|v I
|
| 500 |
|
|
|a Libreto opery napsal Carlo Goldoni podle komedie Francesca Griseliniho
|
| 500 |
|
|
|a Chronologický přehled
|
| 504 |
|
|
|a Obsahuje bibliografické odkazy
|
| 505 |
2 |
0 |
|t Amore in musica
|
| 600 |
1 |
7 |
|a Boroni, Antonio,
|d 1738-1792.
|t Amore in musica
|7 aun2017938847
|2 czenas
|
| 648 |
|
7 |
|a 18. století
|7 ch460556
|2 czenas
|
| 648 |
|
4 |
|a 1738-1792
|
| 650 |
0 |
7 |
|a hudební skladatelé
|7 ph120923
|z Itálie
|y 18. století
|2 czenas
|
| 650 |
0 |
7 |
|a opery
|7 ph123760
|z Itálie
|y 18. století
|2 czenas
|
| 650 |
0 |
7 |
|a opery
|7 ph123760
|z Česko
|y 18. století
|2 czenas
|
| 650 |
0 |
7 |
|a opera buffa
|7 ph343742
|z Itálie
|y 18. století
|2 czenas
|
| 650 |
0 |
7 |
|a operní inscenace
|7 ph137507
|y 18. století
|2 czenas
|
| 650 |
0 |
7 |
|a hudební interpretace
|7 ph120908
|y 18. století
|2 czenas
|
| 650 |
0 |
9 |
|a composers
|z Italy
|y 18th century
|2 eczenas
|
| 650 |
0 |
9 |
|a operas
|z Italy
|y 18th century
|2 eczenas
|
| 650 |
0 |
9 |
|a operas
|z Czechia
|y 18th century
|2 eczenas
|
| 650 |
0 |
9 |
|a opera buffa
|z Italy
|y 18th century
|2 eczenas
|
| 650 |
0 |
9 |
|a opera productions
|y 18th century
|2 eczenas
|
| 650 |
0 |
9 |
|a musical interpretation
|y 18th century
|2 eczenas
|
| 655 |
|
7 |
|a kolektivní monografie
|7 fd501537
|2 czenas
|
| 655 |
|
7 |
|a libreta
|7 fd132729
|2 czenas
|
| 655 |
|
9 |
|a collective monographs
|2 eczenas
|
| 655 |
|
9 |
|a librettos
|2 eczenas
|
| 700 |
1 |
|
|a Jonášová, Milada,
|d 1973-
|7 jo2013759057
|4 edt
|
| 700 |
1 |
|
|a Griselini, Francesco,
|d 1717-1784
|7 mzk2009511735
|4 ant
|
| 700 |
1 |
2 |
|a Goldoni, Carlo,
|d 1707-1793.
|t Amore in musica
|7 aun2017938427
|
| 830 |
|
0 |
|a Opera italiana nei territori Boemi durante il settecento
|0 s
|
| 910 |
2 |
|
|a BOA001
|b 2-1378.429
|
| 928 |
9 |
|
|a Mozartova obec v České republice
|
| 928 |
9 |
|
|a Hof-Musici
|
| 990 |
|
|
|a BK
|
| 995 |
|
|
|a 01
|
| 991 |
|
|
|b 201701
|c NOV
|
| 996 |
6 |
|
|b 2610691969
|c 2-1378.429
|l MZK
|r Sklad / do 1 hodiny
|n 0
|p p.v.
|w 001593910
|u 000010
|a 1
|e BOA001
|j MZK50
|s P
|